Medzinárodný tábor brancov socialistických štátov významný činiteľ ďalšieho rozvoja brannej výchovy

Bibliographic Details
Main Author: Herodek, Ján (Author)
Format: Article
Language:Slovak
Subjects:

MARC

LEADER 00000nab a2200000 a 4500
001 vtls000038379
003 SK-MaSNL
005 20260303230021.0
008 111103c1979 xo 0 slo
015 |a SNBRB19rr/mm-uuuuu 
035 |a CL0048474 
040 |a SNKBUCL  |b slo  |c SNKBUCL  |e AACR2 
041 0 |a slo 
044 |a xo  |c SK 
080 |a 355.02  |2 1981 
100 1 |a Herodek, Ján  |4 aut  |9 959731 
245 1 0 |a Medzinárodný tábor brancov socialistických štátov významný činiteľ ďalšieho rozvoja brannej výchovy  |c Ján Herodek 
610 2 7 |a Zväzarm  |2 snkbucl  |9 94458 
650 0 7 |a výchova branná  |2 snkbucl  |9 760733 
651 7 |a 5306  |2 snkbucl  |9 893716 
651 7 |a socialistické krajiny  |2 snkbucl  |9 165745 
655 7 |a články z novín a časopisov  |2 snkbucl  |9 267496 
773 0 |t Osvetová práca  |g Roč. 29, č. 17 (1979), s. 30 
850 |a Slovenská národná knižnica v Martine  |a MTA001 
852 |a SNK  |b KIS3GCP 
958 |a RK 
992 |a RBX 
999 |c 2259633  |d 2261563